000
00300nam a2200133Ia 4500
008
220216s9999 xx 000 0 und d
100
_a
David Shaw
245
0
_a
EPR industry fragments
260
_b
Rubber India
_c
1996
300
_a
45-49
650
_a
EPDM
650
_a
EPR industry
942
_c
JS
999
_c
58752
_d
58752